000 00718nam a2200253Ia 4500
003 OSt
005 20220918174107.0
006 a|||||r|||| 00| 0
007 ta
008 220917b |||||||| |||| 00| 0 eng d
024 _a10,379
037 _cTextual
040 _aARTS
_cARTS
_beng
041 _2eng
_aeng
082 _aQ7:4198.N9, N3
100 _aNetton Ian Richard ed
245 0 _aGolden roads
_b migration , pilgrimage and travel in Mediaeval and modern Islam
260 _aSurrey
_bCurzon Press
_c1993
300 _axvii,193p.
_ccm.
500 _aIncludes index
650 _aRELIGION
942 _hQ7:4198.N9, N3
_cTEXL
_2CC
999 _c151751
_d151751